| 000 | 01484nam a2200325 i 4500 | ||
|---|---|---|---|
| 003 | EG-GICUC | ||
| 005 | 20260121101534.0 | ||
| 008 | 251223s2016 ua d|||fr|||| 00| 0 ara d | ||
| 017 | _a٢٣١٨٥ / ٢٠١٥ | ||
| 020 | _a978-977-90-3434-8 | ||
| 040 |
_a EG-GICUC _bara _c EG-GICUC _d EG-GICUC _erda |
||
| 041 | 0 | _aara | |
| 082 | 0 | 4 |
_221 _a345.822377 _b ح م . أ |
| 092 | 0 | 4 | _221 |
| 099 | _aLaw1 07 345.822377 ح م . أ 2016 | ||
| 100 | 0 |
_aحمدي ياسين عكاشة _eمؤلف. |
|
| 245 | 1 | 2 |
_aموسوعة المرافعات الإدارية في قضاء مجلس الدولة. _nالكتاب الرابع، _pالدفوع الإدارية أمام محاكم مجلس الدولة. _nالمجلد الثاني، _pالدفع بالتحكيم ودفوع الأهلية والحجية والدستورية والتزوير / _cالمستشار حمدي ياسين عكاشة. |
| 264 | 3 |
_aالقاهرة : _bدار أبو المجد، _c2016. |
|
| 300 |
_a1816 صفحة : _bإيضاحيات؛ _c24 سم. |
||
| 336 |
_2rda content _atext |
||
| 337 |
_2rda media _aComputer |
||
| 338 |
_2rda carrier _aOnline Resource |
||
| 504 | _aيشتمل على إرجاعات ببليوجرافية. | ||
| 546 | _aالنص باللغة العربية | ||
| 650 | 1 | 4 | _aطرق اللطعن في الاحكام الإدارية |
| 650 | 1 | 4 | _aالقانون الإداري |
| 856 | 4 | 0 | _uhttps://fll.law.cu.edu.eg/fulltext/bks/B07-01163.pdf |
| 905 | _a32 | ||
| 942 |
_2ddc _cBK _e21 _n0 |
||
| 999 |
_c52262 _d52262 |
||